000 01267nam a2200373 a 4500
999 _c2979
_d2979
005 20200104041537.0
008 140307b2002 cl ||||| |||| 00| 0 spa d
040 _aCO-BoIAVH
_cCO-BoIAVH
041 _aspa
044 _acl
090 _aLB
_b02750
100 1 _aCabello, Gloria
245 1 0 _aParque nacional La Campana:
_borigen de una reserva de la biosfera en Chile central
260 _aSantiago de Chile:
_bTaller La Era;
_c2002.
300 _a176 páginas
650 _aAreas protegidas
650 _aReservas de la biosfera
650 _aPlanificación de áreas protegidas
650 _aBosques templados
662 _aChile
_cParque Nacional La Campana
700 _aVegegas, Fernando
700 _aDarwin, Charles
700 1 _aElórtequi Francioli, Sergio
_eeditor
700 _aLuebert, Federico
700 _aManríquez, Hermann
700 _aMeynard, Francisca
700 1 _aMoreira Muñoz, Andrés
_eeditor
700 _aMuñoz Schick, Mélica
700 _aPliscoff, Patricio
700 _aSolervicens, Claudia
700 _aStingo, Beltrán
700 _aTorrers Mura, Juan Carlos
942 _cLIBRO
_2ddc